01964nmm a2200361 450000100060000000300160000600500170002200800410003904000510008004100080013107200280013909000260016710000530019324501570024626000490040330000130045233600270046533700270049233800390051950000130055850000810057150200730065250502720072552002710099765000450126865000330131365000250134670000390137185601510141091200090156194200150157099900170158536407Biblioteca APEC20251014103516.0000000t2014 dr ||||| |||| 00| 0 spa d cBiblioteca UNAPECaBiblioteca UNAPECbspaerda aspa aFacultad de Humanidades aeT TPG-C1 MAS-02 20141 aGarcía Féliz, Dionicio Antonio911958eautor10aEstrategia para la identificación y las aplicaciones de la derivación logarítmica /cDionicio Antonio García Féliz; Asesor: Francesco Semerari aSanto Domingo, DO :bUniversidad APEC,c2014 a1 CD ROM aTextobtxt2rdacontent aordenadorbc2rdamedia arecurso en líneabcr2rdacarrier aCAMPUS I aTesis en Formato PDF Tesis en Formato Electrónico Tesis en Formato Digital aTesis (Maestría en Matemática Superior) - Universidad APEC, 2014 aCAPÍTULO I: MARCO DE REFERENCIA. 1.1 Marco histórico. 1.2 Marco Conceptual. 1.3 Marco social. CONCLUSIONES DEL CAPÍTULO. CAPÍTULO II: DERIVACIÓN LOGARÍTMICA DE FUNCIONES. 2.1 Derivación de funciones: Una estrategia para la identificación y aplicació aResumen: La presente investigación presenta la problemática de la contradicción existente entre las grandes potencialidades de la derivación logarítmica y su limitado uso. En la aplicación del estudio de campo se visualiza este limitado uso por parte del aLogaritmosxEstudio y enseñanza911959 aDerivadas (Cálculo)911960 aMatemáticas9119611 aSemerari, Francescoeasesor986387 u https://bibliotecaunapec.blob.core.windows.net/tesis/TPG_CI_MAS_02_2014_ET150086.pdfyHacer clic para ver el PDF. (899.8 KB). Trabajo de Posgrado aAJIM 2ddccE-TES c14140d14140